|
|
|
|
| LEADER |
00000nam0a2200000 4500 |
| 001 |
103810 |
| 005 |
20231101214517.0 |
| 035 |
|
|
|a (RuTPU)RU\TPU\book\111910
|
| 090 |
|
|
|a 103810
|
| 100 |
|
|
|a 20061021d1969 m y0rusy50 ca
|
| 101 |
0 |
|
|a rus
|
| 102 |
|
|
|a RU
|
| 105 |
|
|
|a a z 001zy
|
| 200 |
1 |
|
|a Тяжелее урана
|f В. И. Гольданский, С. М. Поликанов
|
| 210 |
|
|
|a Москва
|c Наука
|d 1969
|
| 215 |
|
|
|a 215 с.
|c ил.
|
| 320 |
|
|
|a Библиогр.: с. 212.
|
| 606 |
1 |
|
|a Трансурановые элементы
|x Деление спонтанное
|2 stltpush
|3 (RuTPU)RU\TPU\subj\61369
|9 78565
|
| 610 |
1 |
|
|a ядерная физика
|
| 610 |
1 |
|
|a уран
|
| 610 |
1 |
|
|a трансурановые элементы
|
| 610 |
1 |
|
|a история
|
| 610 |
1 |
|
|a физические свойства
|
| 610 |
1 |
|
|a химические свойства
|
| 610 |
1 |
|
|a радиоактивный распад
|
| 610 |
1 |
|
|a библиотека А. Г. Стромберга
|
| 675 |
|
|
|a 539.163:546.7
|v 3
|
| 700 |
|
1 |
|a Гольданский
|b В. И.
|g Виталий Иосифович
|
| 701 |
|
1 |
|a Поликанов
|b С. М.
|g Сергей Михайлович
|
| 801 |
|
1 |
|a RU
|b 63413507
|c 20061021
|g PSBO
|
| 801 |
|
2 |
|a RU
|b 63413507
|c 20171006
|g PSBO
|
| 942 |
|
|
|c BK
|